Sun Yat-sen and the French, 1900-1908 /

Bibliographic Details
Main Author: Barlow, Jeffrey G.
Format: Book
Language:English
Published: Berkeley : Center for Chinese Studies, Institute of East Asian Studies, University of California, [1979]
Series:Chinese research monographs ; no. 14.
Subjects:

MARC

Tag First Indicator Second Indicator Subfields
LEADER 00000cam a2200000 i 4500
001 in00000063481
005 20151007083117.0
008 791023s1979 caub b s00010 eng
010 |a  79620017  
020 |a 091296619X :  |c $4.00 
035 |a (OCoLC)05680134 
035 |9 AAF8874AM 
040 |a DLC  |c DLC  |d TXA  |d UtOrBLW 
043 |a a-cc---  |a e-fr--- 
049 |a TXAM  |c [981000] 
050 0 0 |a DS740.5.F8  |b B35 
082 0 |a 327.51/044 
100 1 |a Barlow, Jeffrey G. 
245 1 0 |a Sun Yat-sen and the French, 1900-1908 /  |c Jeffrey G. Barlow. 
264 1 |a Berkeley :  |b Center for Chinese Studies, Institute of East Asian Studies, University of California,  |c [1979] 
264 4 |c ©1979 
300 |a 93 pages :  |b map ;  |c 23 cm. 
336 |a text  |b txt  |2 rdacontent 
337 |a unmediated  |b n  |2 rdamedia 
338 |a volume  |b nc  |2 rdacarrier 
490 1 |a China research monograph ; no. 14 
504 |a Includes bibliographical references. 
600 1 0 |a Sun, Yat-sen,  |d 1866-1925. 
651 0 |a China  |x Foreign relations  |z France. 
651 0 |a France  |x Foreign relations  |z China. 
830 0 |a Chinese research monographs ;  |v no. 14. 
999 |a MARS 
999 f f |s d6ca381a-6c23-30fe-8131-bc546e16f59a  |i fdf4fadc-ae76-3e8d-83db-5e1e5856a1c9  |t 0 
952 f f |p ric  |a Texas A&M University  |b Rellis Campus  |c Joint Library Facility  |d Remote Storage  |t 0  |e DS740.5.F8 B35  |h Library of Congress classification  |i unmediated -- volume  |m A14802068572 
998 f f |a DS740.5.F8 B35  |t 0  |l Remote Storage